|
|
|
|
| LEADER |
00000nam a2200000 a 4500 |
| 001 |
vtls001273239 |
| 003 |
SK-MaSNL |
| 005 |
20260301234648.0 |
| 008 |
240318s1979 US 0 eng |
| 020 |
|
|
|a 0878172556
|
| 035 |
|
|
|a SNK000224402
|
| 040 |
|
|
|a SNK
|b slo
|c SNK
|e AACR2
|
| 044 |
|
|
|a US
|
| 080 |
|
|
|a 686.1
|2 1981
|
| 100 |
1 |
|
|a Diehl, Edith
|4 aut
|9 577310
|
| 245 |
1 |
0 |
|a Bookbinding
|b its background and technique
|n v. 1
|c by Edith Diehl
|
| 260 |
|
|
|a New York
|b HACKER ART BOOKS
|c 1979
|
| 300 |
|
|
|a 251 s., 91 obr. príl.
|c 24 cm
|
| 650 |
0 |
7 |
|a kníhviazačstvo
|x dejiny
|2 SNK
|9 63512
|
| 919 |
|
|
|a 0-87817-255-6
|
| 958 |
|
|
|a OND
|
| 999 |
|
|
|c 971249
|d 973179
|
| 952 |
|
|
|a SNK
|b SNK
|y VYP
|7 0
|p 17A0009934
|o snkIC 87201/1
|i snkZK 238/82
|8 4
|0 0
|1 0
|4 0
|d 1997-01-24
|l 0
|r 2005-01-01 00:00:00
|w 2026-02-24
|